Word Ladder: Spaceship Hippogriff Quiz Stats

 Plays Quiz Updated Aug 1, 2017

Support Sporcle.
Go Orange.
Score 0/12 Timer 01:30
0 Plays Today
Hint 4-Letter Word % Correct
A tusked wild pigBOAR
95.9%
Floating sea vesselBOAT
95.4%
'It's alright, 'cuz I'm saved by the ___!'BELL
93.4%
The shape and form of lightningBOLT
92.9%
To rise into the airSOAR
89.9%
Fan, championship, or leather, e.g.BELT
88.7%
Animal evaded annually by residents of PamplonaBULL
84.9%
The large majority of somethingBULK
68.4%
Call sign of 'Battlestar Galactica' character played by Katee Sackhoff [rung 1]___
Hippogriff that was set free by Harry and Hermione in 'The Prisoner of Azkaban' ___[rung 12]
•BUCK•
58.8%
One-name musician who released albums 'Mellow Gold' and 'Odelay'BECK
53.7%
Hippogriff that was set free by Harry and Hermione in 'The Prisoner of Azkaban' [rung 10]___•BEAK•
48.5%
Call sign of 'Battlestar Galactica' character played by Katee Sackhoff ___[rung 10]•STAR•
42.8%

Today's Daily Dose

Missing Word
'Y-Z' Pairs

Quick Pick
MCU Directors

You're not logged in!

Compare scores with friends on all Sporcle quizzes.
OR
Log In
Forgot?

From the Vault

Countries with Major Urban Agglomerations

by Scimitar_2002

You might call them megacities, but we like using even longer words sometimes.
Remove Ads.
Support Sporcle.
Get the best of Sporcle when you Go Orange. This ad-free experience offers more features, more stats, and more fun while also helping to support Sporcle. Thank you for becoming a member.

Show Comments

Extras

Top Quizzes Today


Score Distribution

Your Account Isn't Verified!

In order to create a playlist on Sporcle, you need to verify the email address you used during registration. Go to your Sporcle Settings to finish the process.

Report this User

Report this user for behavior that violates our Community Guidelines.

Details: